000 00669nam a22002417a 4500
001 00593
003 DO-SdBNP
005 20180202105104.0
007 00593
008 160627b sp 1991||||| |||| 00| 0 spa d
020 _a9788433909268
040 _aBPMSU
_bspa
_cBPMSU
092 _axxxxxxx
_bxxxxxxx
100 1 _aPámies, Sergi
245 1 3 _aLa primera piedra /
_cSergio Pámies ; traducción Marcelo Cohen
300 _a188 p. :
_c20 cm.
490 1 _aNarrativas hispánicas
_v116
700 _aCohen, Marcelo,
_etr.
830 0 _aNarrativas hispánicas
_n116
942 _2ddc
_cBK
945 _aInventariado, 2018/ YL
956 _aBTAVÁREZ
_b10
_c20162706
_d00593
999 _c10601
_d10601